Win the Australian Senate Election - Statistics

General Stats
  • This quiz has been taken 319 times
  • The average score is 63 of 76
Answers on the Map
Answers color-coded by a green-red scale on the quiz's map according to % correct below.
 
Answer Stats
# State or Territory % Correct
12 Tasmania
90%
12 Tasmania
90%
12 Tasmania
90%
12 Tasmania
90%
12 Tasmania
90%
12 Tasmania
90%
12 Tasmania
90%
12 Tasmania
90%
12 Tasmania
90%
12 Tasmania
90%
12 Tasmania
90%
12 Tasmania
90%
12 Western Australia
87%
12 Western Australia
87%
12 Western Australia
87%
12 Western Australia
87%
12 Western Australia
87%
12 Western Australia
87%
12 Western Australia
87%
12 Western Australia
87%
12 Western Australia
87%
12 Western Australia
87%
12 Western Australia
87%
12 Western Australia
87%
12 Queensland
86%
12 Queensland
86%
12 Queensland
86%
12 Queensland
86%
12 Queensland
86%
12 Queensland
86%
12 Queensland
86%
12 Queensland
86%
12 Queensland
86%
12 Queensland
86%
12 Queensland
86%
12 Queensland
86%
12 New South Wales
85%
12 New South Wales
85%
12 New South Wales
85%
12 New South Wales
85%
12 New South Wales
85%
12 New South Wales
85%
12 New South Wales
85%
12 New South Wales
85%
12 New South Wales
85%
12 New South Wales
85%
12 New South Wales
85%
12 New South Wales
85%
12 Victoria
80%
12 Victoria
80%
12 Victoria
80%
12 Victoria
80%
12 Victoria
80%
12 Victoria
80%
12 Victoria
80%
12 Victoria
80%
12 Victoria
80%
12 Victoria
80%
12 Victoria
80%
12 Victoria
80%
12 South Australia
73%
12 South Australia
73%
12 South Australia
73%
12 South Australia
73%
12 South Australia
73%
12 South Australia
73%
12 South Australia
73%
12 South Australia
73%
12 South Australia
73%
12 South Australia
73%
12 South Australia
73%
12 South Australia
73%
2 Northern Territory
69%
2 Northern Territory
69%
2 Australian Capital Territory
53%
2 Australian Capital Territory
53%
No matching quizzes found
Score Distribution
Percent of People with Each Score
Percentile by Number Answered
Your Score History
You have not taken this quiz